| 000 | 01568cam a22002054a 4500 | ||
|---|---|---|---|
| 999 |
_c1538 _d1538 |
||
| 020 | _a9780470917565 (alk. paper) | ||
| 022 | _a9780470917565 | ||
| 050 | 0 | 0 |
_aHB172 _b.B46 |
| 100 | 1 | _aBesanko, David, | |
| 111 | _aRonald R. Braeutigam. | ||
| 245 | 1 | 0 |
_aMicroeconomics / _cDavid A. Besanko, Ronald R. Braeutigam. |
| 250 | _a4th ed. | ||
| 260 |
_aHoboken, NJ : _bJohn Wiley & Sons, _cc2010. |
||
| 300 |
_axx, 726 p. : _bcol. ill. ; _c26 cm. |
||
| 500 | _aIncludes index. | ||
| 505 | _aMachine generated contents note: Part 1: Introduction To Microeconomics -- Chapter 1: Analyzing Economic Problems -- Chapter 2: Demand and Supply Analysis -- Part 2: Consumer Theory -- Chapter 3: Consumer Preferences and the Concept of Utility -- Chapter 4: Consumer Choice -- Chapter 5: The Theory of Demand -- Part 3: Production and Cost Theory -- Chapter 6: Inputs and Production Functions -- Chapter 7: Costs and Cost Minimization -- Chapter 8: Cost Curves -- Part 4: Perfect Competition -- Chapter 9: Perfectly Competitive Markets -- Chapter 10: Competitive Markets: Applications -- Part 5: Market Power -- Chapter 11: Monopoly and Monopsony -- Chapter 12: Capturing Surplus -- Part 6: Imperfect Competition and Strategic Behavior -- Chapter 13: Market Structure and Competition -- Chapter 14: Game Theory and Strategic Behavior -- Part 7: Special Topics -- Chapter 15: Risk and Information -- Chapter 16: General Equilibrium -- Chapter 17: Externalities and Public Goods. | ||
| 650 | 0 | _aMicroeconomics. | |
| 700 | 1 | _aBraeutigam, Ronald R. | |
| 942 | _cBK | ||